| 000 | 00909cam a2200277 a 4500 | ||
|---|---|---|---|
| 001 | 3544552 | ||
| 003 | OSt | ||
| 005 | 20170324153120.0 | ||
| 008 | 970811s1997 enka b 001 0 eng | ||
| 010 | _a 97036336 | ||
| 020 | _a0750633654 (pbk.) | ||
| 040 |
_aDLC _cDLC _dDLC |
||
| 050 | 0 | 0 |
_aQD466 _b.G74 1997 |
| 082 | 0 | 0 |
_a540 _221 _bGRE1997 |
| 100 | 1 |
_aGreenwood, N. N.; Earnshaw, A. _98544 |
|
| 245 | 1 | 0 | _aChemistry of the Elements |
| 250 | _a2nd ed. | ||
| 260 |
_aAmsterdam; _bButterworth-Heinemann, _c1997. |
||
| 300 |
_axxii, 1341 p. : _bill. ; _c25 cm. |
||
| 504 | _aIncludes bibliographical references and index. | ||
| 650 | 0 |
_aChemical elements. _98520 |
|
| 856 | 4 | 2 |
_3Publisher description _uhttp://www.loc.gov/catdir/description/els032/97036336.html |
| 906 |
_a7 _bcbc _corignew _d1 _eocip _f19 _gy-gencatlg |
||
| 942 |
_2ddc _cSLOAN |
||
| 999 |
_c3892 _d3892 |
||